La Rastra : carta topográfica /

Carta topográfica de la región circundante a La Rastra, en el límite de los estados de Sinaloa, Durango, Nayarit. Cubre, hacia el norte, la comunidad de El Gallo, en Durango; al sur, San Marcial, Sinaloa, y al oeste, Santa María, también en Sinaloa.

-д хадгалсан:
Номзүйн дэлгэрэнгүй
Байгууллагын зохиогч: Instituto Nacional de Estadística, Geografía e Informática
Формат: Газрын зураг
Хэвлэл:2a edición
Цуврал:(Carta Topográfica)
Нөхцлүүд:
Шошгууд: Шошго нэмэх
Шошго байхгүй, Энэхүү баримтыг шошголох эхний хүн болох!

MARC

LEADER 00000nem^a2200000^a^4500
001 000156686
005 20250521000000.0
009 20260310100511.668
037 |a Acervo ITESO - Biblioteca 
041 |a GRA 
093 |a F-13-A-48 
110 |a Instituto Nacional de Estadística, Geografía e Informática 
240 1 1 |a [La Rastra, materiales cartográficos] 
245 1 0 |a La Rastra :  |b carta topográfica /  |c INEGI. 
250 |a 2a edición 
255 |a Escala 1 : 50 000 ;  |b Proyección Universal Transversa de Mercator 
264 |a Aguascalientes, México :  |b Instituto Nacional de Estadística, Geografía e Informática, Dirección General de Geografía,  |c 2003 
300 |a 1 mapa 
336 |a imagen cartográfica estática  |b cri  |2 rdacontenido 
337 |a sin mediación  |b n  |2 rdamedio 
338 |a mapa  |b nz  |2 rdasoporte 
440 1 |a (Carta Topográfica) 
520 |a Carta topográfica de la región circundante a La Rastra, en el límite de los estados de Sinaloa, Durango, Nayarit. Cubre, hacia el norte, la comunidad de El Gallo, en Durango; al sur, San Marcial, Sinaloa, y al oeste, Santa María, también en Sinaloa. 
522 |a Cartas adyacentes: F13A37, F13A38, F13A39, F13A47, F13A49, F13A57, F13A58, F13A59 
522 |a Vegetación predominante: vegetación silvestre 
522 |a Carta formada por métodos fotogramétricos a partir de fotografías obtenidas en junio de 1994 
546 |a Edición gráfica con texto en español 
649 |a XX 
650 |a Topografía -  |z México 
650 |a Río Baluarte 
650 |a Río Matatán 
650 |a Río Tabaira 
650 |a El Gallo, Durango -  |x Mapas 
650 |a La Rastra, Sinaloa -  |x Mapas 
650 |a Santa María, Sinaloa -  |x Mapas 
650 |a San Marcial, Sinaloa -  |x Mapas 
650 |a Durango -  |x Mapas 
650 |a Sinaloa -  |x Mapas 
650 |a Nayarit -  |x Mapas 
650 |a México -  |x Mapas 
910 |a Fondo General 
920 |a Gráficos - Mapas 
905 |a 503 
901 |a 0500047901  |b IT2  |c MAP  |u 20250521 
902 |a https://opac.biblio.iteso.mx/vufind/Record/000156686